Culture Générale - Série 671 - Statistiques

Statistiques générales
  • Ce quiz a été pris 186 fois
  • Le résultat moyen est 6 sur 10
Statistiques - réponses
Question Réponse % Correct
Quand tout est perdu, de quelles plantes potagères dit-on qu'elles "sont cuites" ? carottes
97%
Complétez le titre d'une oeuvre de Molière : "Le Bourgeois... Gentilhomme
95%
Sur quelle ville du Japon, les Américains ont-ils largué leur seconde bombe atomique en 1945 ? Nagasaki
88%
En 1996, quel groupe de filles britanniques fut plusieurs semaines numéro 1 des charts avec la chanson "Wannabe" ? Les Spice Girls
83%
Quel surnom, dû à la couleur de sa barbe, attribua-t-on à l'empereur germanique Frédéric Ier ? Barberousse
59%
En quelle année Jacques Anquetil remporte-t-il son premier Tour de France ? 1957
50%
De quel pays d'Afrique, la ville de Porto-Novo est-elle la capitale ? Bénin
50%
En 1963, dans quel film de Luchino Visconti, Alain Delon est-il Tancrède aux côtés de Burt Lancaster ? Le Guépard
37%
En 1988, dans lequel de ses films Clint Eastwood rend-il hommage au jazzman Charlie Parker ? Bird
23%
Quel peintre impressionniste français, né en 1840, est l'auteur d'une série de tableaux sur la "Cathédrale de Rouen" ? Claude Monet
19%
Aucun quiz correspondant
Distribution des résultats
% des personnes avec chaque résultat
Percentile par nombre de réponses
Votre historique - résultats
Vous n’avez pas pris ce quiz